000 00251nam a2200097Ia 4500
001 723046
005 20250826163323.0
008 250824s9999 xx 000 0 und d
245 0 _aBULUTLARDAKİ ŞEHİR
_cTONY ABBOTT
260 _bALTIN KİTAPLAR YAYINLARI
999 _c723046
_d723046